Statistiken für Deutsche Mittelgebirge

Klicken Sie hier um das Quiz zu spielen!

Allgemein

  • Dieses Quiz wurde 477 mal gespielt
  • Das Durchschnittsergebnis liegt bei 11 aus 35

Antwortstatistiken

m üNNAntwort% Korrekt
1141Harz
94%
1493Schwarzwald
90%
747Eifel
78%
1456Bayerischer Wald
75%
1215Erzgebirge
70%
950Rhön
70%
882Taunus
68%
1015Schwäbische Alb
57%
983Thüringer Wald
57%
816Hunsrück
57%
1051Fichtelgebirge
51%
586Spessart
46%
657Westerwald
39%
626Odenwald
38%
843Rothaargebirge
35%
562Elbsandsteingebirge
34%
656Fränkische Alb
28%
773Vogelsberg
25%
795Frankenwald
17%
528Solling
11%
1042Oberpfälzer Wald
11%
689Fränkisches Keuper-Lias-Land
11%
557Kaiserstuhl
10%
675Kellerwald
9%
793Zittauer Gebirge
9%
636Knüllgebirge
8%
615Habichtswälder Bergland
6%
869Thüringer Schiefergebirge
6%
754Hoher Meißner
5%
663Ebbegebirge
4%
643Kaufunger Wald
4%
687Nordpfälzer Bergland
3%
673Haardt
3%
803Elstergebirge
2%
609Gladenbacher Bergland
1%

Verteilung der Resultate

Perzentil nach korrekt beantworteten Fragen

Anzahl Personen mit jedem Resultat

Ihre Resultats-Entwicklung

Sie haben dieses Quiz noch nicht gespielt